000 00453nam a2200169Ia 4500
008 130110t2011 xxu||||| |||| 00| 0 sin d
041 _asin
080 _aX8S31
_bROH
100 _aRohana, Sunil
245 _aහොඳ ළමයෙක් වෙන්න දුවේ
246 _aHonda Lamayek Wenna Duwe
260 _bAuthor
_aMoratuwa
_c2011
300 _a200p., 21 cm
942 _cBK
999 _c73794
_d73794
003 LK-CoDNM
040 _aLK-CoDNM
_dLK-CoDNM
_eLK-CoDNM